Một số bài toán cực trị trong hình học sơ cấp
Các bài toán đẳng chu. Các điểm cực trị trong tam giác và tứ diện. Bài toán Malfatti và bài toán cực trị hình học tổ hợp
Enregistré dans:
| Auteur principal: | |
|---|---|
| Autres auteurs: | |
| Format: | Livre |
| Langue: | Vietnamese |
| Publié: |
Đà Nẵng
Đại học Đà Nẵng
2011
|
| Sujets: | |
| Tags: |
Ajouter un tag
Pas de tags, Soyez le premier à ajouter un tag!
|
| Thư viện lưu trữ: | Mạng thư viện Đại học Đà Nẵng |
|---|
| LEADER | 01495nam a2200361 4500 | ||
|---|---|---|---|
| 001 | 000010287 | ||
| 003 | 6489 | ||
| 005 | 20111212141259.0 | ||
| 008 | 111212s2011 viesd | ||
| 041 | |a vie | ||
| 072 | |a Luận văn Thạc sĩ Khoa học | ||
| 082 | |a 516.3 |b PH-P | ||
| 100 | |a Phạm Thanh Phương | ||
| 245 | |a Một số bài toán cực trị trong hình học sơ cấp |c Phạm Thanh Phương | ||
| 260 | |a Đà Nẵng |b Đại học Đà Nẵng |c 2011 | ||
| 300 | |a 98tr |c 29cm |e CD. Tóm tắt luận văn | ||
| 500 | |a Luận văn Thạc sĩ Khoa học. Chuyên ngành: Phương pháp toán sơ cấp. Mã số: 60.46.40 | ||
| 520 | |a Các bài toán đẳng chu. Các điểm cực trị trong tam giác và tứ diện. Bài toán Malfatti và bài toán cực trị hình học tổ hợp | ||
| 653 | |a Toán học | ||
| 653 | |a Luận văn Thạc sĩ Toán sơ cấp | ||
| 653 | |a Cực trị | ||
| 653 | |a hình học sơ cấp | ||
| 700 | |a Trần Đạo Dõng |c PGS.TS |e Hướng dẫn | ||
| OWN | |a LSP | ||
| AVA | |a UDN50 |b LSP |d 516.3 PH-P |e available |t Error 5001 Not defined in file expand_doc_bib_avail. |f 1 |g 0 |h N |i 0 |k 1 | ||
| 999 | |a From the UDN01 | ||
| AVA | |a UDN50 |b LSP |d 516.3 PH-P |e available |t Error 5001 Not defined in file expand_doc_bib_avail. |f 1 |g 0 |h N |i 0 |k 1 | ||
| TYP | |a Monograph | ||
| TYP | |a Printed language | ||
| 980 | |a Mạng thư viện Đại học Đà Nẵng | ||